000 01028nas a2200325 4500
001 BR2014005995
003 BR-BrBNA
005 20231205124533.0
007 ta
008 230509b bl.|||p| |||| 00| 00por d
040 _aBR-BrBNA
_bpor
_cBiblioteca Nacional de Agricultura
041 _a(Pt)
072 _aL10
100 1 _aSarmento, J.L.R.
100 1 _aTorres, R.A.
100 1 _aPereira, C.S.
100 1 _aSousa, W.H.
100 1 _aLopes, P.S.
100 1 _aAraújo, C.V.
100 1 _aEuclydes, R.F.
245 1 _aAvaliação genética de características de crescimento de ovinos Santa Inês utilizando modelos de regressão aleatória
650 _aOVINO
650 _aPARÂMETRO GENÉTICO
650 _aCONDIÇÃO CORPORAL
650 _aCRESCIMENTO
650 _aHERANÇA GENÉTICA
773 0 _tArquivo Brasileiro de Medicina Veterinária e Zootecnia (Brazil)
_xISSN 0102-0935
_g(Feb 2006), v. 58(1) p. 68-77
_wBR2014005995
909 _a202311
_bLúcia
_c55
_dLúcia Elande
942 _2AGRIS
_n0
_cANA
999 _c239593
_d239593